000
00307nam a22001337a 4500
008
180131b xxu||||| |||| 00| 0 eng d
020
_a
9781557983176
041
_a
eng
080
_a
159.9
100
_a
48
101
_a
PSI
245
_a
Emerging issues in mental health& aging
_c
Gatz,M
942
_2
udc
_c
BK
999
_c
41385
_d
41385